书目信息 |
| 题名: |
大洋双雄 下
|
|
| 作者: | 安贺礼 , 徐舸 主编 ;祝前旺 编著 | |
| 分册: | 下 21世纪俄罗斯海军 | |
| 出版信息: | 北京 海潮出版社 2012 |
|
| 页数: | 398页 | |
| 开本: | 24cm | |
| 丛书名: | 海洋与军事系列丛书 | |
| 单 册: | ||
| 中图分类: | E153 , E512.53 | |
| 科图分类: | ||
| 主题词: | 海军--hai jun--概况--世界--21世纪 , 海军--hai jun--概况--俄罗斯--21世纪 | |
| 电子资源: | ||
| ISBN: | 978-7-5157-0266-7 | |
| 000 | 01179nam 2200349 450 | |
| 001 | 1673805452 | |
| 005 | 20161130160317.46 | |
| 010 | @a978-7-5157-0266-7@dCNY42.00 | |
| 100 | @a20130318d2012 em y0chiy0121 ea | |
| 101 | 0 | @achi |
| 102 | @aCN@b110000 | |
| 105 | @aa z 000yy | |
| 106 | @ar | |
| 200 | 1 | @a大洋双雄 下@Ada yang shuang xiong xia@h下@i21世纪俄罗斯海军@f安贺礼, 徐舸主编@g祝前旺编著 |
| 205 | @a第2版 | |
| 210 | @a北京@c海潮出版社@d2012 | |
| 215 | @a398页@c图@d24cm | |
| 225 | 2 | @a海洋与军事系列丛书@Ahai yang yu jun shi xi lie cong shu |
| 225 | 2 | @a《21世纪外国海军》丛书@A《21shi ji wai guo hai jun 》cong shu |
| 330 | @a本书重点向读者介绍了21世纪上半叶俄罗斯海军发展建设情况。 | |
| 410 | 0 | @12001 @a海洋与军事系列丛书 |
| 410 | 0 | @12001 @a《21世纪外国海军》丛书 |
| 517 | 1 | @a21世纪美国海军@A21shi ji mei guo hai jun |
| 606 | 0 | @a海军@Ahai jun@x概况@y世界@z21世纪 |
| 606 | 0 | @a海军@Ahai jun@x概况@y俄罗斯@z21世纪 |
| 690 | @aE153@v5 | |
| 690 | @aE512.53@v5 | |
| 701 | 0 | @a安贺礼@Aan he li@4主编 |
| 701 | 0 | @a徐舸@Axu ge@4主编 |
| 702 | 0 | @a祝前旺@Azhu qian wang@4编著 |
| 801 | 0 | @aCN@b湖北三新@c20130828 |
| 905 | @aBZT@dE153@e25-2 | |
| 大洋双雄 下.下.21世纪俄罗斯海军/安贺礼, 徐舸主编/祝前旺编著.-第2版.-北京:海潮出版社,2012 |
| 398页:图;24cm.-(海洋与军事系列丛书).-(《21世纪外国海军》丛书) |
| ISBN 978-7-5157-0266-7:CNY42.00 |
| 本书重点向读者介绍了21世纪上半叶俄罗斯海军发展建设情况。 |
| ● |
| 相关链接 |
|
|
|
正题名:大洋双雄 下
索取号:E153/25-2
 
预约/预借
| 序号 | 登录号 | 条形码 | 馆藏地/架位号 | 状态 | 备注 |
| 1 | 814132 | 2000814132 | 思政阅览室/思1架B面4层3列/ [索取号:E153/25-2] | 在馆 | |
| 2 | 814133 | 2000814133 | 第二书库/ [索取号:E153/25-2] | 在馆 | |
| 3 | 814134 | 2000814134 | 第二书库/ [索取号:E153/25-2] | 在馆 |